Wiedza O Grach - Statystyki

Ogólne statystyki
  • Ten quiz został rozwiązany 312 razy
  • Średni wynik to 9 z 13
Statystyki odpowiedzi
Zagadnienie Odpowiedź % Poprawnych
Jak ma na imię "Ojciec" z gry Far Cry 5 Joseph
100%
Gdzie rozgrywa się akcja gry GTA IV? Liberty City
100%
Ile było części gier pt. "Max Payne"? 3
83%
Gdzie rozgrywa się gra Assassin's Creed Unity? Francja
83%
Jaka gra pozwala nam na robienie czego co chcemy (gra jest nagrywana głównie przez Bladiego Garry's Mod
83%
Pomiędzy kim Geralt z Rivii mógł wybierać w 3 Części Wiedzmina? Triss i Yennefer
83%
Jaka gra rozgrywa się m.in. Velen, Novigradzie oraz Skellige? Wiedźmin 3 Dziki Gon
83%
W którym roku została wydana League of Legends 2009
67%
Jak nazywa się główny bohater serii gier "Metro"? Artem
67%
W którym roku rozgrywa się akcja gry "Metro Exodus"? 2035
50%
Kto jest zabójcą króla Temerii Foltesta? (Wiedźmin 2) Letho
50%
Jak nazywany jest bohater gry Far Cry 5? Zastępca
50%
Gdzie rozgrywa się akcja gry "Far Cry 4"? Kyrat
33%
Nie znaleziono quizów pasujących do podanych kryteriów
Rozkład punktacji
Procent ludzi z każdym wynikiem
Percentyl według liczby udzielonych odpowiedzi
Twoja historia wyników
Nie rozwiązałeś tego quizu